La Crépuscule des juges (Record no. 37153)

MARC details
000 -LEADER
fixed length control field 00460 a2200217 4500
020 ## - NUMERO INTERNATIONAL NORMALISE DES LIVRES
International Standard Book Number 2-221-05803-8
100 ## - VEDETTE PRINCIPALE - NOM DE PERSONNE
Personal name LOMBARD, Paul
100 ## - VEDETTE PRINCIPALE - NOM DE PERSONNE
Language of a work Fr
260 ## - PUBLICATION, DISTRIBUTION, ETC. (IMPRINT)
Place of publication, distribution, etc Paris
260 ## - PUBLICATION, DISTRIBUTION, ETC. (IMPRINT)
Name of publisher, distributor, etc R. Laffont
245 ## - TITLE STATEMENT
Title La Crépuscule des juges
260 ## - PUBLICATION, DISTRIBUTION, ETC. (IMPRINT)
Date of publication, distribution, etc 1988
300 ## - PHYSICAL DESCRIPTION
Extent 187 p.
300 ## - PHYSICAL DESCRIPTION
Other physical details 22 cm
440 ## - SERIES STATEMENT/ADDED ENTRY--TITLE
Title Essais
630 ## - SUBJECT ADDED ENTRY--UNIFORM TITLE
Uniform title Droit, législation, administration
650 ## - SUBJECT ADDED ENTRY--TOPICAL TERM
Topical term or geographic name as entry element G
650 ## - SUBJECT ADDED ENTRY--TOPICAL TERM
Topical term or geographic name as entry element Institutions judiciaires
Holdings
Withdrawn status Lost status Damaged status Not for loan Location (home branch) Sublocation or collection (holding branch) Date acquired Koha issues (times borrowed) Koha full call number Koha date last seen Price effective from Koha item type
        Bibliothèque Universitaire Centrale Bibliothèque Universitaire Centrale 28/02/2009   347.95 LOM 28/02/2009 28/02/2009 Livre


© 2008, Bibliothèques de l'Université d'Abomey-Calavi

04 BP 789 Cotonou, Tél. : +229 21 36 01 01, Fax : +229 21 35 06 32

Courriel : bu@bu.uac.bj